Formación, pobreza y exclusión /
Guardado en:
| 主要作者: | |
|---|---|
| 其他作者: | |
| 格式: | Texto |
| 語言: | Spanish |
| 出版: |
OIT
|
| 主題: | |
| 標簽: |
添加標簽
沒有標簽, 成為第一個標記此記錄!
|
MARC
| LEADER | 00000 a a2200000 04500 | ||
|---|---|---|---|
| 001 | 34931 | ||
| 003 | cru CIDCACS/IIS | ||
| 005 | 20200925160756.0 | ||
| 008 | 170901b xxu||||| |||| 00| 0 spa d | ||
| 999 | |c 17658 |d 17658 | ||
| 020 | |a 92-9088-102-1 | ||
| 040 | |c CRAI/IIS |a CRAI/IIS | ||
| 090 | |a 05.03.03 G146f | ||
| 100 | |a Gallart, María Antonia | ||
| 245 | |a Formación, pobreza y exclusión / |c María Antonia Gallart | ||
| 260 | |a OIT | ||
| 300 | |a 365 páginas |b mapas | ||
| 650 | |a JUVENTUD | ||
| 650 | |a POBREZA | ||
| 650 | |a ACCESO A LA EDUCACION | ||
| 650 | |a CAPACITACION | ||
| 650 | |a EXCLUSION SOCIAL | ||
| 650 | |a POLITICA GUBERNAMENTAL | ||
| 650 | |a INTEGRACION SOCIAL | ||
| 650 | |a MEXICO | ||
| 650 | |a COLOMBIA | ||
| 650 | |a ARGENTINA | ||
| 650 | |a CHILE | ||
| 650 | |a PERU | ||
| 650 | |a JUVENTUD | ||
| 650 | |a PERU | ||
| 700 | |a coord. | ||
| 942 | |2 ddc |c LI | ||
